| 000 | 01360nam0a22002891 4500 | ||
|---|---|---|---|
| 001 | rc\2608050 | ||
| 005 | 20250623133638.0 | ||
| 035 | _a(NLR Aleph) 006771986 | ||
| 090 |
_a5954213 _c5954213 |
||
| 100 | _a20110914d1930 |||y0rusy50 ca | ||
| 101 | 0 | _arus | |
| 102 | _aRU | ||
| 105 | _aa z ||||| | ||
| 200 | 1 |
_aМеталлические стропильные фермы _eРуководство по проектированию _eС 372 фигурами в тексте и 16 л. конструктивных черт. _fО. А. Ривош |
|
| 205 | _a4-е изд., перераб. и доп. | ||
| 210 |
_aМосква _aЛенинград _cГос. изд-во _d1930 _eЛенинград _gтип. Печатный двор |
||
| 215 |
_a332 с., 16 вкл. л. черт. _cчерт. _d23х16 см. |
||
| 300 | _aПредисловие: проф. Н. А. Белелюбский | ||
| 300 | _aВ картонном переплете с коленкоровым корешком | ||
| 320 | _aБиблиография: "Литературные источники" (на 1 странице), "Труды автора" (на 1 странице) | ||
| 700 | 1 |
_aРивош _bО.А. _f1873- _gОсип Абрамович |
|
| 801 | 0 |
_aRU _bNLR _gpsbo |
|
| 801 | 1 |
_aRU _bELAR _2rusmarc |
|
| 852 |
_aNLR _j30.4/368 |
||
| 942 | _cBOOK | ||
| 980 | _aNB | ||